Reťaz básní ; Mila Haugová, Pavel Vilikovský

Bibliographic Details
Other Authors: Haugová, Mila, 1942- (Translator), Vilikovský, Pavel, 1941-2020 (Translator)
Format: Article
Language:Slovak
Subjects:

MARC

LEADER 00000nab a2200000 a 4500
001 vtls000127578
003 SK-MaSNL
005 20260304074622.0
008 250423c1982 xo 0 slo
015 |a SNBRB19rr/mm-uuuuu 
035 |a CL0137683 
035 |a urn:nbn:sk:snk-abbbeg 
035 |a (urnnbn)urn:nbn:sk:snk:ar-006hl8 
035 |a (uuid)c902af98-f7bc-49cf-b07b-e2be6f027532 
040 |a SNKBUCL  |b slo  |c SNKBUCL  |e AACR2 
041 0 |a slo 
044 |a xo  |c SK 
080 |a 895.6-1  |2 1981 
245 0 0 |a Reťaz básní ; Mila Haugová, Pavel Vilikovský 
650 0 7 |a básne lyrické  |2 snkbucl  |9 403933 
650 0 7 |a básne o láske  |2 snkbucl  |9 921526 
655 7 |a články z novín a časopisov  |2 snkbucl  |9 267496 
655 7 |a články z odboru literárna veda a krásna literatúra  |2 snkbucl  |9 770045 
700 1 |a Haugová, Mila,  |d 1942-  |4 trl  |9 90543 
700 1 |a Vilikovský, Pavel,  |d 1941-2020  |4 trl  |9 89818 
773 0 |t Revue svetovej literatúry  |g Roč. 18, č. 4 (1982), s. 57 
850 |a Slovenská národná knižnica 
852 |a Slovenská národná knižnica 
958 |a article15 
958 |a RK 
958 |a LX 
958 |a OND 
958 |a EUIPO 
999 |c 2777048  |d 2778978